00485nam a2200157Ia 450000500170000000800410001702000180005808200260007610000360010224500690013825000120020726000360021930000080025550000210026365000430028420250806130927.0231217s9999 xx 000 0 und d a9788131790540 a001.64404 KUR;17 R1 aKurose, James F. Ross, Keith W. 0aComputer networking : a top down approach featuring the internet a5th ed. c2012bDorling KindersleyaNoida a888 aReplacement Copy aComputer,networking,top,down,featuring